书目信息 |
| 题名: |
化工原理实验
|
|
| 作者: | 吴洪特 主编 | |
| 分册: | ||
| 出版信息: | 北京 化学工业出版社 2010.02 |
|
| 页数: | 158页 | |
| 开本: | 26cm | |
| 丛书名: | ||
| 单 册: | ||
| 中图分类: | TQ02 | |
| 科图分类: | ||
| 主题词: | 化工原理--实验--高等学校--教材 | |
| 电子资源: | ||
| ISBN: | 978-7-122-07404-1 | |
| 000 | 00970nam0 2200241 450 | |
| 001 | 0011286717 | |
| 005 | 20100507184524.14 | |
| 010 | @a978-7-122-07404-1@dCNY22.00 | |
| 100 | @a20100515d2010 em y0chiy0110 ea | |
| 101 | 0 | @achi |
| 102 | @aCN@b110000 | |
| 105 | @aa a 000yy | |
| 200 | 1 | @a化工原理实验@Ahua gong yuan li shi yan@f吴洪特主编 |
| 210 | @a北京@c化学工业出版社@d2010.02 | |
| 215 | @a158页@c图@d26cm | |
| 300 | @a高等学校教材 | |
| 320 | @a有书目 | |
| 330 | @a本书内容包括实验数据误差的产生与估算,实验数据处理,化工实验参数的测量方法及实验室常用仪器的使用,化工原理基本实验,化工原理综合、设计实验,化工原理创新与研究实验、计算机数据处理、实验报告的编写等内容,全书突出了实践性和工程性,重在对学生进行实验研究过程中多种能力和素质的培养训练。内容简明扼要,理论层次适中,有较多的例题和思考题。 | |
| 606 | 0 | @a化工原理@x实验@x高等学校@j教材 |
| 690 | @aTQ02@v4 | |
| 701 | 0 | @a吴洪特@Awu hong te@4主编 |
| 801 | 0 | @aCN@c20100515 |
| 905 | @dTQ02@eW790@f3 | |
| 化工原理实验/吴洪特主编.-北京:化学工业出版社,2010.02 |
| 158页:图;26cm |
| 高等学校教材 |
| ISBN 978-7-122-07404-1:CNY22.00 |
| 本书内容包括实验数据误差的产生与估算,实验数据处理,化工实验参数的测量方法及实验室常用仪器的使用,化工原理基本实验,化工原理综合、设计实验,化工原理创新与研究实验、计算机数据处理、实验报告的编写等内容,全书突出了实践性和工程性,重在对学生进行实验研究过程中多种能力和素质的培养训练。内容简明扼要,理论层次适中,有较多的例题和思考题。 |
| ● |
| 相关链接 |
|
|
|
正题名:化工原理实验
索取号:TQ02/W790
 
预约/预借
| 序号 | 登录号 | 条形码 | 馆藏地/架位号 | 状态 | 备注 |
| 1 | 980864 | 209808644 | 自科库501/501自科库 137排6列4层/ [索取号:TQ02/W790] | 在馆 | |
| 2 | 980865 | 209808653 | 自科库501/501自科库 137排6列4层/ [索取号:TQ02/W790] | 在馆 | |
| 3 | 980866 | 209808662 | 自科二线504/504自科库 41排5列4层/ [索取号:TQ02/W790] | 在馆 |